000 01364 a2200217 4500
001 26884
005 20260407155546.0
008 260407a1976 arg spa d
003 AR-UNSa-BCEJYS
040 _aAR-UNSa-BCEJYS
_bspa
_cAR-UNSa-BCEJYS
080 _a504.06
_xProtección del medio ambiente. Gestión de la calidad del medio ambiente
245 1 0 _aLa protección del medio ambiente
020 _a84-7088-066-7
264 1 _aMadrid :
_bInstituto de Estudios de Administración Local
_c1976
300 _a599 p.
_c25 cm.
505 _a1. Los factores de calidad para la protección ambiental - 2. Algunos principios de epidemiología y de las ciencias en que se apoya la protección ambiental - 3. Empleo por el hombre de los recursos de agua - 4. Tratamiento de deyecciones y aguas residuales - 5. Nuestro medio ambiente atmosferico - 6. Administración de los residuos sólidos - 7. Control de los transmisores - 8. Protección de los alimentos desde su producción hasta el consumo - 9. La radiación ionizante y su control - 10. La energía electromagnética en la gama de la luz ultravioleta, la luz visible, los rayos laser, las frecuencias de radio y las microondas - 11. Las energías del calor y del sonido
942 _cBK
590 _aniveau_biblio:m niveau_hierar:0
100 1 _aChanlett, Emil T.
700 1 _aVázquez Vaamonde, Alfonso J.
999 _c1505
_d1505